Normal view
MARC view
Entry Geographic Name
001 - CONTROL NUMBER
- control field: 260994
003 - CONTROL NUMBER IDENTIFIER
- control field:
005 - DATE AND TIME OF LATEST TRANSACTION
- control field: 20210601210012.0
008 - FIXED-LENGTH DATA ELEMENTS
- fixed length control field: 210601|| aca||aabn | a|a d
040 ## - CATALOGING SOURCE
- Original cataloging agency:
- Transcribing agency:
151 ## - HEADING--GEOGRAPHIC NAME
- Geographic name: Burgundy ( France)
- General subdivision: Court and Courtiers
670 ## - SOURCE DATA FOUND
- Source citation: Work cat.: (): Calmette, Joseph, 1873-1952 260989, The golden age of Burgundy :, c1962
